More haste, less speed (Record no. 65712)
[ view plain ]
| 000 -LEADER | |
|---|---|
| fixed length control field | 01402cam a2200205 4500 |
| 001 - CONTROL NUMBER | |
| control field | ABS63262 |
| 008 - FIXED-LENGTH DATA ELEMENTS--GENERAL INFORMATION | |
| fixed length control field | 000000n2000 000 0 eng u |
| 035 ## - SYSTEM CONTROL NUMBER | |
| System control number | (Sirsi) u110189 |
| 100 ## - MAIN ENTRY--PERSONAL NAME | |
| Personal name | Atkinson, D |
| 245 ## - TITLE STATEMENT | |
| Title | More haste, less speed |
| 260 ## - PUBLICATION, DISTRIBUTION, ETC. | |
| Date of publication, distribution, etc. | 2000 |
| 490 ## - SERIES STATEMENT | |
| Series statement | Construction News |
| Volume/sequential designation | (6695) 7 December 2000, 32(1) |
| 520 ## - SUMMARY, ETC. | |
| Summary, etc. | Examines the issue of acceleration in construction, where the contractor carries out an obligation in a shorter period than originally planned. Most standard forms of contract allow the contractor to complete the works before the completion date. If the employer does not wish to take possession of the works early, the contract terms must be amended to take this into account. Some forms also give the contract administrator power to order acceleration to achieve the completion date if the delay is the contractor's fault. If completion by a particular date or time is not an obligation under the contract then the contractor will not be able to make a claim for the cost of acceleration measures. Any acceleration agreement needs to establish clearly whether the liquidated damages provisions apply if the revised dates are not met so that the courts can deal relatively quickly and easily. |
| 590 ## - LOCAL NOTE (RLIN) | |
| Local note | ABS |
| 650 ## - SUBJECT ADDED ENTRY--TOPICAL TERM | |
| Topical term or geographic name entry element | ACCELERATION |
| 650 ## - SUBJECT ADDED ENTRY--TOPICAL TERM | |
| Topical term or geographic name entry element | CONTRACT CLAIMS |
| 650 ## - SUBJECT ADDED ENTRY--TOPICAL TERM | |
| Topical term or geographic name entry element | LAW |
| 690 ## - LOCAL SUBJECT ADDED ENTRY--TOPICAL TERM (OCLC, RLIN) | |
| Topical term or geographic name as entry element | BUILT ENVIRONMENT-BUILDING CONTRACT FORMS |
| 942 ## - ADDED ENTRY ELEMENTS (KOHA) | |
| Suppress in OPAC | 0 |
| Withdrawn status | Lost status | Source of classification or shelving scheme | Damaged status | Not for loan | Home library | Current library | Shelving location | Date acquired | Total Checkouts | Full call number | Barcode | Date last seen | Copy number | Price effective from | Koha item type |
|---|---|---|---|---|---|---|---|---|---|---|---|---|---|---|---|
| Dewey Decimal Classification | London | London | Journal article | 08/01/2001 | ABS63263 | 110189-1001 | 06/08/2019 | 1 | 06/08/2019 | Journal article |